Propusknaja sposobnosť rusel,kanalov i rek

Saved in:
Bibliographic Details
Main Author: Železnjakov, G.V (Author)
Format: Book
Language:Russian
Published: Leningrad : Gidrometeoizdat, 1981
Tags: Add Tag
No Tags, Be the first to tag this record!

MARC

LEADER 00000nam a22000003a 4500
001 stu165353
005 20150617225958.6
008 080616s1981----xxr-----------------rus-d
040 |a STU  |b slo 
041 0 |a rus 
044 |a xxr 
080 |a 556.536 
100 1 |a Železnjakov, G.V.  |4 aut 
245 1 |a Propusknaja sposobnosť rusel,kanalov i rek 
260 |a Leningrad :  |b Gidrometeoizdat,  |c 1981 
300 |a 310 s 
996 |c V*22483/O-8885  |l VV17  |s P  |a 0  |w stu165353_0001